000 01144cam a22003974a 4500
001 15549188
003 OSt
005 20160510150700.0
008 081205s2009 caua b 001 0 eng
010 _a 2008052901
015 _aGBA923720
_2bnb
016 7 _a101490912
_2DNLM
016 7 _a014921850
_2Uk
020 _a9781597562515 (alk. paper)
020 _a1597562513 (alk. paper)
035 _a(OCoLC)ocn280354629
040 _aSEKU
042 _apcc
050 0 0 _aRF 305
_b.E4
060 0 0 _a2009 F-272
060 1 0 _aWV 274
_bC6405 2009
082 0 0 _a617.8/82
_222
100 _aEisenberg, Laurie S.
245 0 0 _aClinical management of children with cochlear implants /
_c[edited by] Laurie S. Eisenberg.
260 _aSan Diego, CA :
_bPlural Pub.,
_c2009.
300 _axiv, 692 p. :
_bill. ;
_c26 cm.
504 _aIncludes bibliographical references and index.
650 0 _aCochlear implants.
650 0 _aDeaf children
_xRehabilitation.
650 1 2 _aCochlear Implantation.
650 2 2 _aChild.
650 2 2 _aCochlear Implants.
650 2 2 _aDeafness
_xtherapy.
650 2 2 _aInfant.
942 _2lcc
_cGEN
999 _c13657
_d13657